Statistics for African flags 1974

Click here to take the quiz!

General Stats

  • This quiz has been taken 42 times
  • The average score is 32 of 48

Answer Stats

Answer% Correct
Algeria
100%
portugal
96%
Egypt
85%
France
85%
Ghana
85%
Kenya
85%
Chad
81%
Ivory coast
81%
Liberia
81%
Niger
81%
Botswana
77%
Burundi
77%
Nigeria
77%
Somalia
77%
Spain
77%
Swaziland
77%
Tunisia
77%
Uganda
77%
United kingdom
77%
Zambia
77%
Equatorial Guinea
73%
Ethiopia
73%
Gabon
73%
Gambia
73%
Guinea
73%
Madagascar
73%
Rwanda
73%
Senegal
73%
Sierra Leone
73%
Tanzania
73%
Togo
73%
Cameroon
69%
Mauritania
69%
South Africa
69%
Sudan
69%
Central African republic
65%
Lesotho
65%
Malawi
65%
Mali
65%
Zaire
65%
Libya
62%
Rhodesia
42%
upper Volta
27%
Dahomey
23%
Moroco
23%
mauritus
12%
peoples republic of the congo
8%
Guinea Bissue
4%

Score Distribution

Percentile by Number Answered

Percent of People with Each Score

Your Score History

You have not taken this quiz